L'Afrique du 20e siècle à nos jours (notice n° 1566578)
[ vue normale ]
| 000 -LEADER | |
|---|---|
| fixed length control field | 01230cam a2200145 4500500 |
| 005 - DATE AND TIME OF LATEST TRANSACTION | |
| control field | 20251214001929.0 |
| 041 ## - LANGUAGE CODE | |
| Language code of text/sound track or separate title | fre |
| 042 ## - AUTHENTICATION CODE | |
| Authentication code | dc |
| 100 10 - MAIN ENTRY--PERSONAL NAME | |
| Personal name | d' Almeida-Topor, Hélène |
| Relator term | author |
| 245 00 - TITLE STATEMENT | |
| Title | L'Afrique du 20e siècle à nos jours |
| 260 ## - PUBLICATION, DISTRIBUTION, ETC. | |
| Name of publisher, distributor, etc. | Armand Colin,<br/> |
| Date of publication, distribution, etc. | 2013.<br/> |
| 520 ## - SUMMARY, ETC. | |
| Summary, etc. | De la Méditerranée au cap de Bonne-Espérance et de l’Atlantique aux rives de l’océan Indien, l’immensité de l’Afrique n’a d’égale que sa diversité. En découle une multiplicité de situations qui constituent autant de réponses de ses habitants aux défis du 20e siècle et du début du 21e : colonisation et décolonisation, guerres, crises et sous-développement… L’aspect comparatif sous-tend donc la trame de cette étude qui aborde l’histoire contemporaine du continent africain sous un angle à la fois chronologique et thématique. Élaborée à partir de travaux récents de nombreux spécialistes et des recherches personnelles de l’auteur, cette synthèse met en relief la complexité et la totalité de l’Afrique. |
| 700 10 - ADDED ENTRY--PERSONAL NAME | |
| Personal name | d'Almeida-Topor, Hélène |
| Relator term | author |
| 856 41 - ELECTRONIC LOCATION AND ACCESS | |
| Uniform Resource Identifier | <a href="https://shs.cairn.info/l-afrique-du-20-e-siecle-a-nos-jours--9782200285074?lang=fr&redirect-ssocas=7080">https://shs.cairn.info/l-afrique-du-20-e-siecle-a-nos-jours--9782200285074?lang=fr&redirect-ssocas=7080</a> |
Pas d'exemplaire disponible.




Réseaux sociaux